| 000 | 00382nam a2200145Ia 4500 | ||
|---|---|---|---|
| 008 | 190328s9999||||xx |||||||||||||| ||und|| | ||
| 020 | _a9780195666311 | ||
| 082 |
_a340 _bKRA/I |
||
| 100 | _aKramer, Matthew | ||
| 245 | 0 | _aIn Defense of Legal Positivism | |
| 260 |
_aNew Delhi _bOxford University Press _c2003 |
||
| 300 | _a313 | ||
| 650 | _aLegal Methods/Legal English | ||
| 942 | _cBK | ||
| 999 |
_c5585 _d5585 |
||